[Event "Challenge"]
[Site "http://www.queenalice.com/game.php?id=1043588"]
[Date "2012.3.28"]
[Round "-"]
[White "Cioti"]
[Black "Rubenscb"]
[Result "0-1"]
[WhiteElo "1315"]
[BlackElo "1566"]

1. d4 d5 2. Bf4 Nc6 3. e3 Bf5 4. Bd3 Bxd3 5. Qxd3 Nf6 6. Nc3 e6 7. O-O-O Bb4 8.
Nge2 Bxc3 9. Nxc3 O-O 10. e4 Nxe4 11. Nxe4 dxe4 12. Qxe4 Qd5 13. Qxd5 exd5 14.
Bxc7 Nb4 15. a4 Rac8 16. Ba5 Nxc2 17. b4 Nxb4+ 18. Kb1 Nc6 19. Bc3 g5 20. Rhe1
Rce8 21. Rd3 Rxe1+ 22. Bxe1 Re8 23. Bd2 Re2 24. Bxg5 Rxf2 25. Rg3 Kf8 26. Bh6+
Ke7 27. Re3+ Kd7 28. Rg3 Nxd4 29. Rd3 Nf5 30. Rxd5+ Ke6 31. Rd8 Nxh6 32. Re8+
Kd7 33. Ra8 Rxg2 34. Rxa7 Kc6 35. a5 Ng8 36. a6 bxa6 37. Rxa6+ Kd7 38. h3 f5 39.
Kc1 Re2 40. Ra7+ Ke8 41. Rxh7 f4 42. Rh4 f3 43. Kd1 Re6 44. Rf4 Re3 45. h4 Ra3
46. Ke1 Ne7 47. h5 Ng8 48. Kf2 Ke7 49. Rf5 Ke6 50. Rf8 Nh6 51. Rh8 Ng4+ 52. Kg3
f2+ 53. Kg2 Ra1 54. Rg8 f1=Q+ 55. Kg3 Ra3+ 56. Kh4 Qh3+ 57. Kg5 Ra5+ 58. Kg6
Ne5+ 59. Kh6 Qe3+ 60. Kh7 Ra7+ 61. Rg7 Qe4+ 62. Kh8 Rxg7 63. Kxg7 Qb7+ 64. Kh6
Ng4+ 65. Kg5 Qg7+ 66. Kh4 Nh6 67. Kh3 Qg4+ 68. Kh2 Kf5 69. Kh1 Kf4 0-1

[Event "Challenge"]
[Site "http://www.queenalice.com/game.php?id=1050872"]
[Date "2012.4.20"]
[Round "-"]
[White "soudeDeus"]
[Black "Cioti"]
[Result "1-0"]
[WhiteElo "1408"]
[BlackElo "1332"]

1. g3 d5 2. Bg2 Bf5 3. b3 e5 4. Bb2 Nc6 5. d3 Bb4+ 6. c3 Bc5 7. b4 Bb6 8. e4
dxe4 9. dxe4 Qxd1+ 10. Kxd1 Rd8+ 11. Ke2 Nf6 12. exf5 O-O 13. Na3 g6 14. fxg6
fxg6 15. Nc4 Rd7 16. Nf3 Ne4 17. Nxb6 axb6 18. Nh4 Rd2+ 19. Ke3 Rfxf2 20. Bc1
Rde2+ 21. Kd3 Nc5+ 22. bxc5 bxc5 23. Be3 c4+ 24. Ke4 g5 25. Bf1 gxh4 26. Bxe2
Rxe2 27. gxh4 h5 28. Raf1 Rxa2 29. Rhg1+ Kh7 30. Rf7+ Kh8 31. Rgg7 1-0

[Event "Challenge"]
[Site "http://www.queenalice.com/game.php?id=1074729"]
[Date "2012.6.21"]
[Round "-"]
[White "soudeDeus"]
[Black "Cioti"]
[Result "0-1"]
[WhiteElo "1588"]
[BlackElo "1320"]

1. g3 Nf6 2. Bg2 d5 3. b3 Nc6 4. Bb2 d4 5. e3 dxe3 6. dxe3 e5 7. Qxd8+ Kxd8 8.
Na3 Bxa3 9. Bxa3 Bf5 10. c4 Re8 11. Rd1+ Nd7 12. f4 exf4 13. gxf4 Rxe3+ 14. Kf2
Rd3 15. Rxd3 Bxd3 16. Nh3 a5 17. Rd1 Bf5 18. Ng5 Ke8 19. Bh3 Bxh3 20. Nxh3 Nb4
21. Rd2 Nc5 22. Ke3 Rd8 23. Rd4 Rxd4 24. Kxd4 b6 25. Ng5 h6 26. Nh7 Nxa2 27. h4
Nxb3+ 28. Kd3 c5 29. Kc2 Nd4+ 30. Kb2 Nb4 31. Kc3 h5 32. Ng5 f6 33. Nh7 Nf3 34.
f5 Nxh4 35. Bxb4 axb4+ 36. Kb3 Nxf5 37. Ka4 Nd6 38. Kb3 h4 39. Kc2 h3 40. Kd3 h2
41. Kc2 h1=Q 42. Nxf6+ gxf6 43. Kd3 f5 0-1

[Event "Challenge"]
[Site "http://www.queenalice.com/game.php?id=1076996"]
[Date "2012.6.27"]
[Round "-"]
[White "Cioti"]
[Black "lincolnmarley"]
[Result "1-0"]
[WhiteElo "1298"]
[BlackElo "1312"]

1. d4 Nf6 2. d5 g6 3. Bg5 Bg7 4. Bxf6 Bxf6 5. Nc3 O-O 6. e4 c6 7. Nf3 cxd5 8.
exd5 Qc7 9. Qd3 Bxc3+ 10. Qxc3 Qxc3+ 11. bxc3 d6 12. Bb5 Nd7 13. O-O a6 14. Bxd7
Bxd7 15. Rfe1 Rac8 16. Rxe7 Rfd8 17. Ng5 h6 18. Nxf7 Kf8 19. Rae1 Re8 20. Rxe8+
Rxe8 21. Rxe8+ Bxe8 22. Nxd6 Ke7 23. Nxb7 1-0

[Event "Challenge"]
[Site "http://www.queenalice.com/game.php?id=1078995"]
[Date "2012.7.3"]
[Round "-"]
[White "Cioti"]
[Black "Andre_ssp"]
[Result "0-1"]
[WhiteElo "1294"]
[BlackElo "1350"]

1. d4 d6 2. d5 Nf6 3. Nc3 g6 4. Bg5 Bg7 5. Bxf6 exf6 6. e4 O-O 7. Nf3 Bg4 8. Qd4
f5 9. Qb4 c5 10. dxc6 bxc6 11. Qb7 Nd7 12. Qxc6 Rb8 13. Bb5 Nc5 14. O-O-O Nxe4
15. Rhf1 Nxc3 16. bxc3 Qa5 17. Bc4 Qxc3 18. Rd3 Rb1+ 19. Kxb1 Qb2# 0-1

[Event "Challenge"]
[Site "http://www.queenalice.com/game.php?id=1079004"]
[Date "2012.7.3"]
[Round "-"]
[White "lincolnmarley"]
[Black "Cioti"]
[Result "1-0"]
[WhiteElo "1331"]
[BlackElo "1309"]

1. e4 Nf6 2. Nc3 d5 3. e5 Ne4 4. Nxe4 dxe4 5. Bc4 Qd4 6. Qe2 Qxe5 7. Nf3 Qc5 8.
d4 Qf5 9. Ne5 Be6 10. g4 Qf4 11. Bxf4 Nc6 12. Bxe6 fxe6 13. Nxc6 bxc6 14. Qxe4
O-O-O 15. Qxc6 Rxd4 16. Qxc7# 1-0

[Event "Challenge"]
[Site "http://www.queenalice.com/game.php?id=1080119"]
[Date "2012.7.7"]
[Round "-"]
[White "Rogerio11"]
[Black "Cioti"]
[Result "0-1"]
[WhiteElo "1162"]
[BlackElo "1294"]

1. e4 e5 2. Bc4 Bc5 3. Nf3 Nc6 4. d3 Nd4 5. Nxe5 d6 6. Nf3 Nxf3+ 7. Qxf3 Be6 8.
Nc3 Bxc4 9. dxc4 Qf6 10. Nd5 Qxf3 11. Nxc7+ Kd7 12. gxf3 Kxc7 13. h4 Bb4+ 14. c3
Bc5 15. b4 Bb6 16. f4 Re8 17. f3 Nf6 18. a4 Kc6 19. b5+ Kc7 20. a5 Bc5 21. Ba3
d5 22. Bxc5 dxe4 23. fxe4 Rxe4+ 24. Kf1 Rxf4+ 25. Ke1 Re8+ 26. Kd1 b6 27. Re1
Rd8+ 28. Kc2 Rxc4 29. Bb4 Rxh4 30. Re7+ Rd7 31. Rae1 Rh2+ 32. Kb3 Kd8 33. R7e5
Nd5 34. c4 Nxb4 35. Kxb4 Rb2+ 36. Ka4 Ra2+ 37. Kb3 Rxa5 38. Rh1 h6 39. Rf5 a6
40. bxa6 Rxf5 41. Ra1 Ra5 42. c5 Kc7 43. Rg1 g5 44. Rh1 Kc6 45. Rxh6+ Kxc5 46.
Rh5 Kc6 47. Rh6+ Kc7 48. Rh8 Rxa6 49. Rg8 Rd3+ 50. Kb2 f6 51. Rf8 b5 52. Kc2 Rg3
53. Kd1 Rg2 54. Ke1 Ra1# 0-1

[Event "OS INCLIVEIS"]
[Site "http://www.queenalice.com/game.php?id=1084961"]
[Date "2012.7.20"]
[Round "-"]
[White "adelio"]
[Black "Cioti"]
[Result "1-0"]
[WhiteElo "1714"]
[BlackElo "1305"]

1. d4 d5 2. e4 Nf6 3. Nc3 dxe4 4. f3 e5 5. a3 exd4 6. Nxe4 Nxe4 7. fxe4 Nc6 8.
Bb5 Bc5 9. h3 O-O 10. Nf3 Re8 11. Bd3 Ne5 12. O-O Nxf3+ 13. Qxf3 f6 14. e5 Rf8
15. Bc4+ Kh8 16. Bd3 fxe5 17. Qh5 Kg8 18. Qxh7# 1-0

[Event "Challenge"]
[Site "http://www.queenalice.com/game.php?id=1089004"]
[Date "2012.7.31"]
[Round "-"]
[White "Rogerio11"]
[Black "Cioti"]
[Result "0-1"]
[WhiteElo "1276"]
[BlackElo "1305"]

1. e4 Nf6 2. Bc4 Nxe4 3. d3 Nf6 4. Bg5 d5 5. Bb3 d4 6. c3 e5 7. Qf3 dxc3 8. bxc3
Be6 9. d4 Bxb3 10. axb3 e4 11. Qf5 Qd5 12. Qc8+ Qd8 13. Qxb7 Nbd7 14. Qc6 Qb8
15. f3 h6 16. fxe4 hxg5 17. e5 Rh6 18. exf6 Rxf6 19. Qe4+ Kd8 20. Nf3 Re6 21.
Ne5 Nxe5 22. dxe5 c5 23. Qd5+ Bd6 24. b4 Rxe5+ 25. Qxe5 Bxe5 26. bxc5 Bxc3+ 27.
Nxc3 Qb2 28. Rd1+ Ke8 29. c6 Rd8 30. Ne4 Rxd1+ 31. Kxd1 Qb1+ 32. Ke2 Qxh1 33.
Nd6+ Kd8 34. Nxf7+ Kc7 35. Ne5 Qxg2+ 36. Ke3 Qxh2 37. Kd4 a5 38. Nc4 Qd6+ 39.
Nxd6 Kxd6 40. Ke4 a4 41. Kf5 a3 42. Kxg5 a2 43. Kg6 a1=Q 44. Kh7 Kxc6 45. Kh8
Qg1 46. Kg8 g5 47. Kf8 g4 48. Kg8 g3 49. Kf8 g2 50. Kg8 Qf2 51. Kh8 g1=Q 0-1

[Event "Challenge"]
[Site "http://www.queenalice.com/game.php?id=1089465"]
[Date "2012.8.1"]
[Round "-"]
[White "Rauni10"]
[Black "Cioti"]
[Result "1-0"]
[WhiteElo "1355"]
[BlackElo "1341"]

1. e4 Nf6 2. Bc4 e6 3. e5 d5 4. Bb5+ c6 5. Ba4 b5 6. Bb3 a5 7. exf6 Qxf6 8. g4
a4 9. d4 axb3 10. cxb3 Bb4+ 11. Nd2 O-O 12. a3 Bxd2+ 13. Qxd2 Re8 14. g5 Qg6 15.
Qf4 Qd3 16. h4 Qxb3 17. h5 g6 18. hxg6 fxg6 19. Qh2 Qc2 20. Qxh7+ Kf8 21. Qh8+
Ke7 22. Qg7+ Kd6 23. Bf4+ e5 24. dxe5+ Kc5 25. b4+ Kc4 26. Rc1 Qxc1+ 27. Bxc1
Rxa3 28. Bxa3 Kb3 29. Qa7 Rxe5+ 30. Ne2 Bg4 31. f3 Re8 32. fxg4 Re5 33. Rh3+ Kc2
34. Rc3+ Kb1 35. Qxb8 Rxg5 36. Qf4 Ka2 37. Qc1 Rxg4 38. Qb2# 1-0

[Event "Challenge"]
[Site "http://www.queenalice.com/game.php?id=1105315"]
[Date "2012.9.22"]
[Round "-"]
[White "Rubenscb"]
[Black "Cioti"]
[Result "1-0"]
[WhiteElo "1553"]
[BlackElo "1349"]

1. e4 Nf6 2. Nc3 e6 3. d4 d5 4. Bg5 Bb4 5. Qf3 O-O 6. e5 Bxc3+ 7. Qxc3 Nc6 8.
exf6 gxf6 9. Bh6 Re8 10. Qg3+ Kh8 11. Qg7# 1-0

[Event "Challenge"]
[Site "http://www.queenalice.com/game.php?id=1105316"]
[Date "2012.9.22"]
[Round "-"]
[White "Cioti"]
[Black "Rubenscb"]
[Result "0-1"]
[WhiteElo "1338"]
[BlackElo "1582"]

1. e3 e5 2. d4 Nc6 3. Bb5 Nf6 4. Nf3 a6 5. Bxc6 dxc6 6. dxe5 Qxd1+ 7. Kxd1 Ne4
8. Ke1 Bg4 9. h3 Bxf3 10. gxf3 Ng5 11. Ke2 Bc5 12. h4 Ne6 13. Nc3 O-O 14. Rd1
Rad8 15. e4 Rxd1 16. Nxd1 Nd4+ 17. Ke3 Nxc2+ 18. Kf4 Nxa1 19. Be3 Bxe3+ 20. Kxe3
Rd8 21. Nc3 Nc2+ 22. Ke2 b5 23. a4 b4 24. Na2 c5 25. a5 c4 26. f4 b3 27. Nc3 c6
28. f5 h5 29. e6 fxe6 30. fxe6 Re8 31. Na4 Rxe6 32. f3 Nd4+ 33. Ke3 Nc2+ 34. Kd2
Re5 35. Kc3 Rxa5 36. Nb6 Ra1 37. Kxc4 Rf1 38. Kxb3 Ne3 39. Kc3 Rxf3 40. Nd7 Nf5+
41. Kd2 Nxh4 42. Nb8 g5 43. Nxa6 g4 44. Nc5 g3 45. Nd3 g2 46. Ne1 g1=Q 47. Nxf3
Nxf3+ 48. Ke2 Qg3 49. b4 Ne5 50. Kd2 h4 51. b5 cxb5 0-1

[Event "Challenge"]
[Site "http://www.queenalice.com/game.php?id=1157173"]
[Date "2013.3.3"]
[Round "-"]
[White "Rubenscb"]
[Black "Cioti"]
[Result "1-0"]
[WhiteElo "1608"]
[BlackElo "1312"]

1. e4 Nf6 2. Nc3 e5 3. Nf3 Bc5 4. Bb5 O-O 5. O-O Nc6 6. d3 Nd4 7. Bg5 c6 8. Bc4
b5 9. Bb3 Rb8 10. Nxe5 Nxb3 11. axb3 b4 12. Na4 d6 13. Nxc6 Bg4 14. Qxg4 Qc8 15.
Qxc8 Rbxc8 16. Ne7+ Kh8 17. Nxc8 Rxc8 18. Nxc5 Rxc5 19. Bxf6 gxf6 20. Rxa7 Kg7
21. c4 bxc3 22. bxc3 Rxc3 23. f4 Rxd3 24. g4 Re3 25. Rd1 Rxe4 26. Rxd6 Rxf4 27.
h3 Rb4 28. Rd3 Re4 29. Ra4 Re1+ 30. Kf2 Rh1 31. Rg3 Kg6 32. Ra5 Rb1 33. h4 h5
34. g5 f5 35. Ra6+ Kg7 36. Rh6 Rd1 37. Rxh5 Rd6 38. Rh6 Rg6 39. Rxg6+ Kxg6 40.
b4 f4 41. Rf3 Kf5 42. b5 Kg4 43. b6 Kxh4 44. Rxf4+ Kxg5 45. Rxf7 Kg6 46. Rf3 Kg5
47. b7 Kg6 48. b8=Q Kg5 49. Qg8+ Kh4 50. Rg3 Kh5 51. Qg5# 1-0

[Event "Challenge"]
[Site "http://www.queenalice.com/game.php?id=1157174"]
[Date "2013.3.3"]
[Round "-"]
[White "Cioti"]
[Black "Rubenscb"]
[Result "0-1"]
[WhiteElo "1322"]
[BlackElo "1598"]

1. d4 d5 2. e3 Nc6 3. Nf3 Bg4 4. Bb5 f6 5. Bxc6+ bxc6 6. O-O e5 7. dxe5 fxe5 8.
Nc3 Bxf3 9. Qxf3 Nf6 10. Qf5 e4 11. Qe5+ Qe7 12. Qxe7+ Bxe7 13. a4 O-O 14. b4
Bxb4 15. Ba3 Bxa3 16. Rxa3 Ng4 17. Rb3 Rab8 18. Rxb8 Rxb8 19. h3 Ne5 20. a5 Rb2
21. Rc1 Nc4 22. g4 Nxa5 23. Na4 g5 24. Nc5 Nc4 25. Ne6 h6 26. Nxc7 a5 27. c3 a4
28. Kg2 Nxe3+ 29. Kg3 Nc4 30. Ra1 a3 31. Na6 Rb3 32. Rc1 a2 33. f3 Rb1 34. Rxb1
axb1=Q 35. fxe4 Ne5 36. Nc5 Qg1# 0-1

[Event "Challenge"]
[Site "http://www.queenalice.com/game.php?id=1157175"]
[Date "2013.3.3"]
[Round "-"]
[White "Cioti"]
[Black "Rubenscb"]
[Result "0-1"]
[WhiteElo "1317"]
[BlackElo "1603"]

1. Nf3 d5 2. Nd4 Nf6 3. d3 e5 4. Nf5 Bxf5 5. Bg5 Nc6 6. Bxf6 Qxf6 7. e4 dxe4 8.
dxe4 Bxe4 9. Bd3 Bc5 10. O-O Qg6 11. Bxe4 f5 12. Bxc6+ Qxc6 13. Re1 e4 14. Qh5+
Qg6 15. Qxg6+ hxg6 16. Rd1 O-O 17. Rd7 Rad8 18. Rxd8 Rxd8 19. Nc3 Bb4 20. Nb5
Rd2 21. Kf1 Rxc2 22. Nxa7 Rxb2 23. a4 Bc5 24. Rd1 Bxa7 25. h4 Rxf2+ 26. Ke1 Rxg2
27. Rd7 e3 28. Rxc7 f4 29. Rxb7 Bd4 30. Rb4 Bc3+ 31. Kf1 Rf2+ 32. Kg1 Bxb4 33.
h5 gxh5 34. a5 Bxa5 35. Kh1 e2 36. Kg1 Bb6 37. Kh1 e1=R# 0-1

[Event "Cioti-Wolle"]
[Site "http://www.queenalice.com/game.php?id=1164459"]
[Date "2013.3.24"]
[Round "-"]
[White "Wolle"]
[Black "Cioti"]
[Result "1-0"]
[WhiteElo "1481"]
[BlackElo "1332"]

1. d4 Nc6 2. Nf3 d5 3. Nc3 Bg4 4. Bg5 Nf6 5. g3 Bxf3 6. exf3 Nxd4 7. Qxd4 h6 8.
Bxf6 exf6 9. O-O-O Be7 10. Nxd5 c6 11. Nxe7 Qxd4 12. Rxd4 Kxe7 13. f4 b5 14. Bg2
Rac8 15. Re1+ Kf8 16. Rd7 g5 17. Ree7 Kg7 18. Rxf7+ Kg6 19. Be4+ Kh5 20. Bf3+ g4
21. Be4 Rcf8 22. Bxc6 b4 23. Be4 Rxf7 24. Rxf7 a5 25. Rxf6 Re8 26. Bg6# 1-0

[Event "Challenge"]
[Site "http://www.queenalice.com/game.php?id=1179475"]
[Date "2013.5.8"]
[Round "-"]
[White "roli68"]
[Black "Cioti"]
[Result "1-0"]
[WhiteElo "1597"]
[BlackElo "1308"]

1. e4 Nf6 2. e5 Nd5 3. c3 e6 4. Na3 Bxa3 5. bxa3 Nc6 6. Nf3 d6 7. Qe2 O-O 8. d4
dxe5 9. Nxe5 a5 10. Qg4 Qf6 11. h4 b5 12. Nxc6 Bb7 13. Ne5 b4 14. Nd7 Qe7 15.
Bh6 g6 16. Ne5 Rfd8 17. h5 Qf6 18. Bd3 Nf4 19. Bxf4 bxc3 20. hxg6 Rxd4 21. gxh7+
Kh8 22. Nxf7+ Qxf7 23. Be5+ Qg7 24. Qxg7# 1-0